Practical deep learning for cloud, mobile, and edge : real-world AI and computer-vision projects using Python, Keras, and TensorFlow (Record no. 554516)

000 -LEADER
fixed length control field 00470nam a22001337a 4500
020 ## - INTERNATIONAL STANDARD BOOK NUMBER
International Standard Book Number 9781492034865
082 ## - DEWEY DECIMAL CLASSIFICATION NUMBER
Classification number 005.6 KOU
100 ## - MAIN ENTRY--PERSONAL NAME
Personal name Anirudh, Koul, ; Siddha Ganju, ; Meher Kasam,
245 ## - TITLE STATEMENT
Title Practical deep learning for cloud, mobile, and edge : real-world AI and computer-vision projects using Python, Keras, and TensorFlow
260 ## - PUBLICATION, DISTRIBUTION, ETC.
Place of publication, distribution, etc. Beijing
Name of publisher, distributor, etc. Oreilly
Date of publication, distribution, etc. 2020
300 ## - PHYSICAL DESCRIPTION
Extent 588p
942 ## - ADDED ENTRY ELEMENTS (KOHA)
Source of classification or shelving scheme
Koha item type Book
Holdings
Withdrawn status Lost status Source of classification or shelving scheme Damaged status Not for loan Permanent Location Current Location Date acquired Source of acquisition Total Checkouts Total Renewals Full call number Barcode Date last seen Date last checked out Price effective from Koha item type
          Central Library (CL) Central Library (CL) 04/13/2021 Allied Book Company 5 6 005.6 KOU CL-532 02/16/2026 01/26/2026 04/13/2021 Book
© 2023 Central Library, National University of Sciences and Technology. All Rights Reserved.